Engineering Drawing (Record no. 4738)

MARC details
000 -LEADER
fixed length control field 00388nam a22001697a 4500
005 - DATE AND TIME OF LATEST TRANSACTION
control field 20160629154728.0
008 - FIXED-LENGTH DATA ELEMENTS--GENERAL INFORMATION
fixed length control field 160629b xxu||||| |||| 00| 0 eng d
020 ## - INTERNATIONAL STANDARD BOOK NUMBER
ISBN 978-93-5014-315-5
041 ## - LANGUAGE CODE
Language code of text/sound track or separate title eng
082 ## - DEWEY DECIMAL CLASSIFICATION NUMBER
Item number 15495
100 ## - MAIN ENTRY--AUTHOR NAME
Personal name Gill, P S
245 ## - TITLE STATEMENT
Title Engineering Drawing
260 ## - PUBLICATION, DISTRIBUTION, ETC. (IMPRINT)
Name of publisher Katson
Year of publication 2012
300 ## - PHYSICAL DESCRIPTION
Number of Pages 671
650 ## - SUBJECT ADDED ENTRY--TOPICAL TERM
Topical Term Diploma Engineering
942 ## - ADDED ENTRY ELEMENTS (KOHA)
Koha item type Books
Holdings
Lost status Damaged status Home library Current library Shelving location Date acquired Cost, normal purchase price Full call number Accession Number Koha item type Collection code
    JRU Library   SHELF-48-M 29/06/2016 350.00 15495 15495 Books  
    JRU Library   SHELF-48-L 29/06/2016 350.00 15495 15496 Books  
    JRU Library JRU Library SHELF-58-C 29/06/2016 350.00 15495 15497 Books MINING
    JRU Library   SHELF-48-L 29/06/2016 350.00 15495 15498 Books  
    JRU Library   SHELF-48-J 29/06/2016 350.00 15495 15499 Books  
    JRU Library   SHELF-48-M 29/06/2016 350.00 15495 15500 Books  
    JRU Library   SHELF-48-N 29/06/2016 350.00 15495 15501 Books  
    JRU Library   SHELF-48-M 29/06/2016 350.00 15495 15502 Books  
    JRU Library   SHELF-48-K 29/06/2016 350.00 15495 15503 Books  
    JRU Library   SHELF-48-M 29/06/2016 350.00 15495 15504 Books  
    JRU Library   SHELF-48-J 29/06/2016 350.00 15495 15505 Books  
    JRU Library   SHELF-48-M 29/06/2016 350.00 15495 15506 Books  
    JRU Library   SHELF-48-N 29/06/2016 350.00 15495 15507 Books  
    JRU Library   SHELF-48-K 29/06/2016 350.00 15495 15508 Books  
    JRU Library   SHELF-48-N 29/06/2016 350.00 15495 15509 Books  
    JRU Library   SHELF-48-K 29/06/2016 350.00 15495 15510 Books  
    JRU Library   SHELF-48-L 29/06/2016 350.00 15495 15511 Books  
    JRU Library   SHELF-48-J 29/06/2016 350.00 15495 15512 Books  
    JRU Library   SHELF-48-L 29/06/2016 350.00 15495 15513 Books  
    JRU Library   SHELF-48-L 29/06/2016 350.00 15495 15514 Books  
    JRU Library     29/06/2016 350.00 15495 15515 Books  
    JRU Library     29/06/2016 350.00 15495 15516 Books  
    JRU Library   SHELF-48-L 29/06/2016 350.00 15495 15517 Books  
    JRU Library   SHELF-48-L 29/06/2016 350.00 15495 15518 Books  
    JRU Library     29/06/2016 350.00 15495 15519 Books  
    JRU Library     29/06/2016 350.00 15495 15520 Books  
    JRU Library   SHELF-48-N 29/06/2016 350.00 15495 15521 Books  
    JRU Library   SHELF-48-N 29/06/2016 350.00 15495 15522 Books  
    JRU Library   SHELF-48-J 29/06/2016 350.00 15495 15523 Books  
    JRU Library   SHELF-48-J 29/06/2016 350.00 15495 15524 Books  
    JRU Library   SHELF-48-K 29/06/2016 350.00 15495 15525 Books  
    JRU Library   SHELF-48-N 29/06/2016 350.00 15495 15526 Books  
    JRU Library   SHELF-48-K 29/06/2016 350.00 15495 15527 Books